Famous Michiganders Quiz Stats

 Plays Quiz not verified by Sporcle

Challenge
Share
Tweet
Embed
Score 0/45 Timer 20:00
0 Plays Today
What they're famous for Who they are % Correct
Car OriginatorHenry Ford
96.6%
President that attended the University of MichiganGerald Ford
95.7%
Country Rocker Kid Rock
93.3%
Hall of Fame Running Back of the LionsBarry Sanders
84.6%
Former Mayor of DetroitKwame Kilpatrick
80.8%
All-Time Goal Scoring Leader for the Red WingsGordie Howe
78.4%
Sight-Impaired Pianist/SingerStevie Wonder
77.9%
Pop DivaMadonna
76.9%
Famed Heavyweight ChampionJoe Louis
76.9%
Longtime Captain of the Red WingsSteve Yzerman
76.4%
Current Michigan State CoachTom Izzo
76%
Caucasian RapperMarshall Mathers
73.6%
Superbowl Winning QuarterbackTom Brady
70.2%
ActorTim Allen
68.3%
SingerAretha Franklin
67.8%
Actor/Comedian David Spade
66.8%
Deceased U of M CoachBo Schembechler
65.4%
Laker Great/Hall of Fame Basketball PlayerEarvin 'Magic' Johnson
65.4%
Cereal MakerWilliam Kellogg
63.9%
Union LeaderJimmy Hoffa
63.5%
Yankee CaptainDerek Jeter
63.5%
Former Charitable Detroit TigerCurtis Granderson
63%
Rock StarTed Nugent
62.5%
What they're famous for Who they are % Correct
Former Piston/ Current Piston ExecutiveJoe Dumars
61.5%
WriterMitch Albom
59.6%
Owner of the Red Wings and TigersMike Illitch
57.7%
2009 First Overall NFL Draft PickMatthew Stafford
56.3%
Manager of the Detroit TigersJim Leyland
56.3%
Hall of Fame TigerAl Kaline
55.3%
Famous DoctorJack Kevorkian
55.3%
Future Hall of Fame PitcherJohn Smoltz
53.4%
5 Time NBA Champion/ 1 with the PistonsDennis Rodman
52.9%
Johnny Carson's Old PartnerEd McMahon
48.1%
Mustached Actor #2Tom Selleck
47.1%
Rock StarAlice Cooper
44.7%
Hockey STAR born in LivoniaMike Modano
40.4%
Mustached ActorBurt Reynolds
36.5%
Uncle JoeyDave Coulier
35.1%
Native son of Michigan who plays defense for the WingsBrian Rafalski
34.1%
Acclaimed Film MakerJohn Hughes
32.7%
Great Lions Defensive-LinemanAlex Karras
24%
Esteemed MagicianHarry Houdini
21.6%
African-American GhostbusterErnie Hudson
21.2%
Actor/Demon Killer/AwesomenessBruce Campbell
14.9%
Vancouver Canucks CenterRyan Kesler
13.9%

You're not logged in!

Compare scores with friends on all Sporcle quizzes.
OR
Log In

You Might Also Like...

Show Comments

Extras

Top Quizzes Today


Score Distribution

Your Account Isn't Verified!

In order to create a playlist on Sporcle, you need to verify the email address you used during registration. Go to your Sporcle Settings to finish the process.

Report this User

Report this user for behavior that violates our Community Guidelines.

Details: